| 000 | 01839nam a2200505 i 4500 | ||
|---|---|---|---|
| 001 | 15407 | ||
| 003 | KOSZ 005 | ||
| 005 | 20230118144824.0 | ||
| 008 | 200414s1973 pl a f f 000 0 pol | ||
| 015 | _aUWD 1973/4060 | ||
| 035 | _a991033456399705066 | ||
| 035 | _a(PL-WaBN)b18959301-48omnis_nlop | ||
| 035 | _ab18959301 | ||
| 035 | _a(OCoLC)839018009 | ||
| 035 | _a(PL)b0000001895930 | ||
| 035 | _a(EXLNZ-48OMNIS_NETWORK)9910381314305606 | ||
| 040 |
_aWA N _cWA N _dKOSZ 005/RW |
||
| 046 | _k1973 | ||
| 080 | _a621.315.027.3 | ||
| 080 | _a(075.8) | ||
| 100 | 1 |
_aWira, Andrzej _eAutor |
|
| 245 | 1 | 0 |
_aLaboratorium techniki wysokich napięć / _cAndrzej Wira, Ryszard Zybert. |
| 260 |
_aŁódź : _bPolitechnika Łódzka, _c1973. |
||
| 300 |
_a264 strony : _bilustracje ; _c21 cm. |
||
| 336 |
_aTekst _btxt _2rdacontent |
||
| 337 |
_aBez urządzenia pośredniczącego _bn _2rdamedia |
||
| 338 |
_aWolumin _bnc _2rdacarrier |
||
| 380 | _aKsiążki | ||
| 380 | _aPublikacje dydaktyczne | ||
| 388 | _a1901-2000 | ||
| 388 | _a1945-1989 | ||
| 490 | 1 | _aSkrypty dla Szkół Wyższych / Politechnika Łódzka | |
| 504 | _aBibliografia przy rozdziałach. | ||
| 521 | 8 | _aDla studentów studium dziennego, wieczorowego i zaocznego Wydziału Elektrycznego Politechniki Łódzkiej. | |
| 650 | 7 |
_aTechnika wysokich napięć _2DBN |
|
| 650 | 7 | _aUrządzenia | |
| 655 | 7 |
_aPodręczniki akademickie _2DBN |
|
| 658 | _aInżynieria i technika | ||
| 700 | 1 |
_aZybert, Ryszard _eAutor |
|
| 710 | 2 |
_aWydawnictwo Naukowe Politechniki Łódzkiej _4pbl |
|
| 830 | 0 | _aSkrypty dla Szkół Wyższych - Politechnika Łódzka | |
| 856 |
_uhttp://koha.tu.koszalin.pl/cgi-bin/koha/opac-detail.pl?biblionumber=15407 _yKatalog online BPK |
||
| 942 |
_2UKD _cKS |
||
| 999 |
_c15407 _d15407 |
||